LIBRARY & INFORMATION CENTRE, KCAET, TAVANUR

ONLINE PUBLIC ACCESS CATALOGUE (OPAC)

Optimal cropping pattern for Pothundy canal irrigation project (Record no. 15204)

MARC details
000 -LEADER
fixed length control field 00640nam a22001937a 4500
003 - CONTROL NUMBER IDENTIFIER
control field OSt
088 ## - REPORT NUMBER
Report number P 137
100 ## - MAIN ENTRY--AUTHOR NAME
Personal name JISHA L. THOMAS
245 ## - TITLE STATEMENT
Title Optimal cropping pattern for Pothundy canal irrigation project
260 ## - PUBLICATION, DISTRIBUTION, ETC. (IMPRINT)
Place of publication Tavanur 2003
Name of publisher Kelappaji College of Agricultural Engineering and Technology
300 ## - PHYSICAL DESCRIPTION
Number of Pages 49
500 ## - GENERAL NOTE
General note Optimal cropping pattern for Pothundy canal irrigation project
520 ## - SUMMARY, ETC.
Summary, etc Optimal cropping pattern for Pothundy canal irrigation project
700 ## - ADDED ENTRY--PERSONAL NAME
Personal name Sherly M. A
700 ## - ADDED ENTRY--PERSONAL NAME
Personal name Suhas E. N
700 ## - ADDED ENTRY--PERSONAL NAME
Personal name Er. Sasikala D (Guide)
942 ## - ADDED ENTRY ELEMENTS (KOHA)
Koha item type Project Report
Holdings
Collection code Home library Current library Shelving location Full call number Accession Number Koha item type
Reference KAUAET KAUAET Reference 631.587 JIS/OP P 137 Project Report
free website counter